Services marketing: (Record no. 157841)

MARC details
000 -LEADER
fixed length control field 00827nam a22002417a 4500
005 - DATE AND TIME OF LATEST TRANSACTION
control field 20181004143428.0
010 ## - LCCN (DPL NO)
LC control number ENG-124175
020 ## - INTERNATIONAL STANDARD BOOK NUMBER
International Standard Book Number 9789353160777
Terms of availability 795.00
035 ## - SYSTEM CONTROL NUMBER
System control number EN-107707
037 ## - SOURCE OF ACQUISITION
Source of stock number/acquisition DBAD/PUB.
082 ## - DEWEY DECIMAL CLASSIFICATION NUMBER
Classification number 658.8
100 ## - MAIN ENTRY--PERSONAL NAME
Personal name Zeithaml, Valarie A.
245 ## - TITLE STATEMENT
Title Services marketing:
Statement of responsibility, etc by Valarie A. Zeithaml; Mary Jo Bitner: Dwayne D. Gremler [and] Ajay Pandit
Remainder of title integrating customer focus across the firm /
250 ## - EDITION STATEMENT
Edition statement 7th ed.
260 ## - PUBLICATION, DISTRIBUTION, ETC. (IMPRINT)
Name of publisher, distributor, etc Tata McGraw Hill
Date of publication, distribution, etc 2018
Place of publication, distribution, etc Chennai
270 ## - ADDRESS
Address 444,/1, Sri Ekambara Naicker Industrial Estate, Alapakkam, Porur,
City Chennai
Postal code 600116
300 ## - PHYSICAL DESCRIPTION
Extent xxxvi,581p.
Dimensions 25cm(pbk)
Other physical details ill.
500 ## - GENERAL NOTE
General note It includes index
700 ## - ADDED ENTRY--PERSONAL NAME
Personal name Bitner,Mary Jo
700 ## - ADDED ENTRY--PERSONAL NAME
Personal name Gremler, Dwayne D.
700 ## - ADDED ENTRY--PERSONAL NAME
Personal name Pandit, Ajay
942 ## - ADDED ENTRY ELEMENTS (KOHA)
Source of classification or shelving scheme Dewey Decimal Classification
Item type English Books
Call number suffix ZEI
Classification part 658.8
Holdings
Withdrawn status Lost status Not for loan Collection code Home library Current library Date acquired Source of acquisition Cost, normal purchase price Full call number Barcode Copy number Cost, replacement price Koha item type
    Not For Loan Non-fiction D.B.Act.Division Sarojini Nagar 04/10/2018 DBAD/PUB 795.00 658.8 ZEI EN-107707 1 795.00 English Books

© Delhi Public Library
Hit Counter
free hit counter